000 00380nam a2200181Ia 4500
008 210210b1841 xxu||||| |||| 00| 0 eng d
041 _aeng
082 _a920/152
100 _aLAY (G T)
245 _aChineese as they are
260 _aLondon
_b-
_c1841
650 _athey
650 _aChineese
650 _aas
650 _aare
690 _aHistory
906 _a024894
999 _c150513
_d150513